000 00890nmc a2200325 a 4500
003 AR-BaBNM
005 20251128211152.0
008 063020s2001 ||||||||||||||000 | spa||
020 _a968-853-475-7
040 _cAR-BaBNM
100 1 _aVázquez, Rodolfo
245 1 0 _aLiberalismo, estado de derecho y minorías
260 _aMéxico, D.F.
_bPaidós
_c2001
300 0 _a186 p.
490 0 _aBiblioteca Iberoamericana de Ensayo
_vv. 11
504 _aBibliografía para consultar p. 175-183
650 4 _aESTADO
650 4 _aDERECHOS CULTURALES
650 4 _aIDEOLOGIAS
650 4 _aSOCIOLOGIA POLITICA
650 4 _aLIBERALISMO
650 4 _aDERECHOS HUMANOS
650 4 _aMINORIAS CULTURALES
650 4 _aDERECHOS CIVILES Y POLITICOS
800 1 _aCruz, Manuel
800 1 _aGonzález, Juliana
800 1 _aOlivé, León
942 _cBK
998 _cMariana
999 _c18549
_d18549